Petit Bac - Lettre O - Statistiques

Statistiques générales
  • Ce quiz a été pris 3 902 fois
    3 780 depuis la dernière actualisation
  • Le résultat moyen est 7 sur 10
Statistiques - réponses
Catégories Réponses en O % Correct
Prénom Océane / Octavie / Oda / Ode / Odeline / Odelya / Odette / Odila / Odile / Ofélia / Ofélie / Olga / Olivia / Olympe / Ondine / Ononis / Onorina / Onorine / Opaline / Ophélia / Orchis / Orélia / Oria / Oriande / Oriane / Orielle / Ornella / Orose / Orsina / Osana / Ovidie / Oxanna / Obéron / Octave / Octavius / Odelin / Odiel / Olaf / Olek / Olin / Olive / Oliver / Olivier / Olwen / Omar / Ononis / Orazio / Oreste / Orian / Orion / Orlando / Orphée / Orso / Orson / Oscar / Osenin / Oswald / Otello / Othon / Otis / Otto / Ottone / Owen / Ozkar / Orchidee / Onessa / Opale / Orelie / Olaf / Olann
98%
Partie du corps Oblique externe / Occipital / Oeil / Oesophage / Omoplate / Ongle / Orbiculaire / Oreille / Orteil / Os / Ovaire
93%
Marque Oculus / Odile Jacob / Olympus / One Plus / Oppo / Optoma / Oral B / Oasis / Ovomaltine / OneWorld / Orangina / Orange / Okay / Old El Paso / Omo / O2 / Océdar / OCP / Odyssée / Oenobiol / Office Depot / Ofup / Okapi / Oki / OK Pneus / OKWave / Olay / OM / ONG / Onisep / Opel / Opera / Opteor / Optical Center / Optic Duroc / Optinett / Orpi / Oreo / Oscillococcinum / Otis / Oui FM / Oxford / Oxo / Oxymore / Osi / Ora / Omega / Origins / Otacos / Obey / Okaidi / Oxbow / Oneill / Omen
92%
Animal Ocelot / Okapi / Oie / Ombrette / Onagre / Opossum / Orang-outan / Oreillard / Orignal / Ornithorynque / Orque / Orvet / Oryctérope / Oryx / Otarie / Otocyon / Ouakari / Ouette / Ouistiti / Ours / Oursin / Outarde
91%
Fruit ou Légume Orange / Oignon / Oseille / Olive
86%
Pays Oman / Ouganda / Ouzbékistan
84%
Métier Obstétricien / Océanographe / Océanologue / Office manager / Officier / Opérateur / Ophtalmologue / Opticien / Optométriste / Orfèvre / Organisateur / Orienteur / Orthodontiste / Orthopédiste / orthésiste / Osteopathe / Ouvrier / Œnologue / Ornithologue / ostréiculteur
74%
Objet Ombrelle / Opercule / Orbe / Ordinateur / Oreiller / Oreillette / Orgue / Origami / Ours en peluche / Outil / Ouvre boite / Obus / Opinel / Ouvre-boite / Ocarina / Oscar / Obélisque / Outre / Ouvre bouteille / Opale / Ovni / Osselet / Oscilloscope / Ogive / Ouvrage / Onduleur / Objectif / ordure / Oscillateur / Ouate / Oculus rift / Ordonnance / Orthèse / Ohmmètre / Oscilloscope / Oléoduc / Opaline / Obturateur / Objectif / Otoscope / Obole / Ogive / Onguent / ostensoir / Ordure / Ombre à paupière / Opercule / Osier / Orbe / Onyx / Oxymètre / Oblitérateur / Odomètre /
72%
Sport Octathlon / Omnikin / Omkido / Omnikin / Omnium
8%
Vêtement Obi / Orfroi
6%
Aucun quiz correspondant
Distribution des résultats
% des personnes avec chaque résultat
Percentile par nombre de réponses
Votre historique - résultats
Vous n’avez pas pris ce quiz depuis la dernière actualisation